000
00259nam a22001097a 4500
082
_a
629.13 MOD'S
100
_a
SCHYROEDER, ART
_9
76377
245
_a
MODEL AIRPLANE NEWS WITH R/C BOATS AND COST
260
_a
USA
_b
MRC
_c
1981
300
_a
VOL-102
942
_c
BK
999
_c
581770
_d
581770